Xin Shi Jian shang cidian (Record no. 1079917)

MARC details
000 -LEADER
fixed length control field 00719nam a2200265Ia 4500
003 - CONTROL NUMBER IDENTIFIER
control field OSt
005 - DATE AND TIME OF LATEST TRANSACTION
control field 20221006144511.0
008 - FIXED-LENGTH DATA ELEMENTS--GENERAL INFORMATION
fixed length control field 221006b |||||||| |||| 00| 0 chi d
020 ## - INTERNATIONAL STANDARD BOOK NUMBER
International Standard Book Number 9787532601158
037 ## - SOURCE OF ACQUISITION
Terms of availability Textual
040 ## - CATALOGING SOURCE
Original cataloging agency EASL
Transcribing agency EASL
Language of cataloging chi
041 ## - LANGUAGE CODE
Source of code chi
Language code of text/sound track or separate title chi
100 ## - MAIN ENTRY--PERSONAL NAME
Personal name GONG Mu Ed.
9 (RLIN) 652142
245 #0 - TITLE STATEMENT
Title Xin Shi Jian shang cidian
260 ## - PUBLICATION, DISTRIBUTION, ETC.
Place of publication, distribution, etc. Shanghai
Name of publisher, distributor, etc. Shanghai Cishu Chubanshe China
Date of publication, distribution, etc. 1999
300 ## - PHYSICAL DESCRIPTION
Extent 1190p.
Dimensions cm.
490 ## - SERIES STATEMENT
Volume/sequential designation CL
650 ## - SUBJECT ADDED ENTRY--TOPICAL TERM
Topical term or geographic name entry element CL
9 (RLIN) 642733
942 ## - ADDED ENTRY ELEMENTS (KOHA)
Classification part 041,1k, 111N9
Koha item type Textual
Source of classification or shelving scheme Colon Classification (CC)
Holdings
Withdrawn status Lost status Source of classification or shelving scheme Damaged status Not for loan Home library Current library Date acquired Source of acquisition Serial Enumeration / chronology Total Checkouts Full call number Barcode Date last seen Price effective from Koha item type
    Colon Classification (CC)     Department of East Asian Studies Library Department of East Asian Studies Library 2022-10-06 Gift, PRC CL   041,1k 111N9 EA1229631 2022-10-06 2022-10-06 Textual
Copyright @ Delhi University Library System